00695nam a2200193 a 450000100060000000300080000600500170001400800410003103500190007204000380009104100080012908200270013710000270016424500910019126000660028230000320034865000490038070000720042955613BD-RjUL20211209080305.0161204s1956 wau| | 001 0 eng  a(BD-RjUL)55736 aDLCcDLCdm.c.dMYGdBD-RjULbeng aeng 223a027.8222bHUY 1956 aHurley, Richard James 10aYour library :bhow to organize an elementary school library /cRichard James Hurley.  aWashington, :bCatholic University of America Press, cc1956. avi, 57 p. :bill. ;c24 cm. 0aElementary school libraries zUnited States. a Catholic University of America. Commission on American Citizenship